00642cam a2200205ua 450000100040000000500170000400800390002102000180006004000090007824500620008725000090014926000450015830000210020365300220022465300440024670000280029094200070031899900130032595200980033861820260515113210.0110411n ii |||gr||||Z||||||eng a81-7018-472-X cMAIN1 aUnited nations and nuclear proliferationcby T.T. Poulose a1st. aDelhi:bB.R. publishing corporation,988. avi, 250p:c20cm. aPolitical science aUnited nations and nuclear poliferation1 aPoulose, T.T.,eAuthor. cBK c549d549 00104070aMAINbMAINcGENd2020-09-19l0oPOUp3755r2020-09-19 00:00:00t1w2020-09-19yBK